| 000 | 00754nam a22002417a 4500 | ||
|---|---|---|---|
| 003 | DO-SdBNP | ||
| 005 | 20230824112151.0 | ||
| 008 | 161213b 2011 ag 0| 0 spa d | ||
| 020 | _a9789870409748 | ||
| 040 |
_aBPMSU _bspa _cBPMSU |
||
| 082 |
_aA863.5 _bP678t 2011 _222 |
||
| 100 | 1 |
_aPisos, Cecilia _d1965- |
|
| 245 | 1 | 4 |
_aLas termitas invasoras / _cCecilia Pisos ; ilustraciones Sandra Lavandeira |
| 260 |
_aBuenos Aires, Argentina : _bAguilar, _c2011 |
||
| 300 |
_a234 p. : _bil., ; _c20 cm. |
||
| 490 | 0 | _aAlfaguara juvenil | |
| 590 | _6Inventariado, 2023/VM | ||
| 650 | 4 | _aNovela juvenil argentina | |
| 650 | 4 | _aLiteratura juvenil argentina | |
| 700 | 1 |
_aLavandeira, Sandra, _eil. |
|
| 910 | _aVMateo V. Control de calidad. BPMSU | ||
| 942 |
_2ddc _cBK |
||
| 999 |
_c12395 _d12395 |
||